000 00555nam a2200193Ia 4500
003 OSt
005 20201007122936.0
008 190216s9999||||xx |||||||||||||| ||und||
020 _a9788120315310
040 _coclc
082 _a004
_bRAJ/F
100 _aRajaraman, V
_93970
245 0 _aFundamentals Of Computers /
_cV Rajaraman
250 _a3rd Ed.
260 _bPrentice Hall Of India,
_c2000.
_aNew Delhi:
300 _a351p
650 _a"Computer Programming. Programs, Data"
942 _cBK
_2ddc
_h004
_iRAJ/F
_k004
_mRAJ/F
999 _c8708
_d8708